000 00709nam a2200205 i 4500
001 103873
003 ES-MaACL
005 20250827062617.0
007 t|
008 051121s1901 sp ||||1| spa d
110 1 _aEspaña
_93622
240 1 0 _aLeyes, etc., electorales
245 1 0 _aLeyes electorales para Diputados a Cortes y Senadores en 1901 /
_cpor D. Manuel Gutiérrez y Jiménez; con un prólogo del Exmo. Sr. D. Trinitario R. Capdepón.
260 _aMadrid :
_b[s.n.],
_c1901.
300 _a316 p. ;
_c15 cm.
700 1 _aGutiérrez y Jiménez, Manuel.
_961239
700 1 _aRuiz Capdepón, Trinitario.
_9100688
852 _aES-MaACL
_jG-2928
999 _c103873
_d103873